000 00531nam a2200109Ia 4500
008 171212s9999 xx 000 0 und d
100 _aIsley, Steven C.;Lempert, Robert J.;Popper, Steven W.;Vardavas, Raffaele
245 _cIsley, Steven C.;Lempert, Robert J.;Popper, Steven W.;Vardavas, Raffaele
_aAn Evolutionary Model of Industry Transformation and the Political Sustainability of Emission Control Policies
260 _bRAND Corporation
_c2013
650 _aMathematics
856 _uhttp://www.jstor.org/stable/10.7249/j.ctt5hhv4p
999 _c351724
_d351724